[Event "ProMoPro Open 2003"]
[Site "?"]
[Date "2003.09.13"]
[Round "8.5"]
[White "Podbrdsky, Pavel"]
[Black "Neuman, Petr"]
[Result "0-1"]
[WhiteElo "2142"]
[BlackElo "2438"]
[PlyCount "88"]
[EventDate "2003.09.06"]

1. e4 c5 2. Nf3 d6 3. d4 cxd4 4. Nxd4 Nf6 5. Nc3 Nc6 6. Be2 g6 7. Be3 Bg7 8.
O-O O-O 9. Kh1 d5 10. exd5 Nxd5 11. Nxd5 Nxd4 12. Bxd4 Qxd5 13. Bxg7 Qxd1 14.
Raxd1 Kxg7 15. Rfe1 Be6 16. Bf3 Rac8 17. c3 Rfd8 18. h3 b6 19. Bg4 Rxd1 20.
Rxd1 f5 21. Bf3 Kf6 22. a3 Rc7 23. Kg1 Bd7 24. Kf1 e5 25. Rd6+ Ke7 26. Rd2 g5
27. Bd1 Bc6 28. Bc2 e4 29. Rd4 Rd7 30. Rxd7+ Bxd7 31. g4 Kf6 32. gxf5 Kxf5 33.
f3 Kf4 34. Bxe4 Bxh3+ 35. Kf2 h5 36. Bc6 Be6 37. b4 Bb3 38. a4 a5 39. bxa5 bxa5
40. Be8 h4 41. Bb5 Bd5 42. Be2 Bc6 43. Bd1 h3 44. Be2 g4 {bily se vzdal} 0-1

[Event "ProMoPro Open 2003"]
[Site "?"]
[Date "2003.09.13"]
[Round "8.16"]
[White "Novak, Vaclav"]
[Black "Kalousek, Zdenek"]
[Result "1/2-1/2"]
[WhiteElo "2113"]
[BlackElo "1250"]
[PlyCount "123"]
[EventDate "2003.09.06"]

1. e4 e5 2. Nf3 Nc6 3. Bc4 Bc5 4. c3 d6 5. O-O Bg4 6. d3 Nf6 7. Bg5 h6 8. Bh4
Qe7 9. Nbd2 O-O-O 10. b4 Bb6 11. a4 a5 12. Bd5 g5 13. Bg3 Nxd5 14. exd5 Nb8 15.
Nc4 f5 16. bxa5 Bc5 17. h3 Bh5 18. Qb3 Bxf3 19. gxf3 f4 20. Rab1 c6 21. dxc6
Nxc6 22. a6 fxg3 23. axb7+ Kb8 24. a5 gxf2+ 25. Kg2 Rhf8 26. Qa4 Na7 27. d4 e4
28. Rxf2 exf3+ 29. Kh2 Qf7 30. dxc5 Qf4+ 31. Kh1 Qg3 32. Qc2 dxc5 33. Qe4 Qxh3+
34. Rh2 Qf5 35. Qxf5 Rxf5 36. Rxh6 Rfd5 37. a6 g4 38. Rg6 Rh8+ 39. Kg1 Rdh5 40.
Kf2 Rh2+ 41. Ke3 Re2+ 42. Kf4 Rf8+ 43. Kg3 Rg2+ 44. Kh4 Rh8+ 45. Kg5 Re2 46.
Nb6 Rd2 47. Kxg4 Rg2+ 48. Kf5 Rxg6 49. Kxg6 Nc6 50. Nd7+ Ka7 51. Nxc5 Nb8 52.
Rf1 Rf8 53. Ne6 Re8 54. Kf7 Rh8 55. Rxf3 Nxa6 56. Rf5 Kxb7 57. Rb5+ Kc6 58.
Nd4+ Kc7 59. c4 Rh4 60. Ne6+ Kc6 61. Nd8+ Kc7 62. Ne6+ {remis} 1/2-1/2

[Event "ProMoPro Open 2003"]
[Site "?"]
[Date "2003.09.13"]
[Round "8.28"]
[White "Voglova, Eva"]
[Black "Listopad, Martin"]
[Result "1-0"]
[WhiteElo "1657"]
[BlackElo "1823"]
[PlyCount "99"]
[EventDate "2003.09.06"]

1. d4 Nf6 2. c4 d6 3. Nc3 g6 4. e4 Bg7 5. Nf3 O-O 6. Be2 c5 7. O-O cxd4 8. Nxd4
Nc6 9. Be3 Bd7 10. f3 Rc8 11. Rc1 Ne8 12. Qd2 Qa5 13. Rfd1 f5 14. Nd5 Qd8 15.
exf5 gxf5 16. f4 e5 17. fxe5 dxe5 18. Bg5 Nf6 19. Nxc6 Bxc6 20. Qe3 Qe8 21. Nb4
Be4 22. Bf3 f4 23. Qf2 Qg6 24. Bh4 Ng4 25. Qe2 Ne3 26. Nd5 Bxd5 27. Bxd5+ Nxd5
28. Rxd5 f3 29. Qf1 Qb6+ 30. Qf2 Qh6 31. Rc2 fxg2 32. Qg3 Rc6 33. Rd8 Rg6 34.
Rxf8+ Bxf8 35. Qf2 b6 36. Qd2 Bc5+ 37. Bf2 Qxd2 38. Rxd2 Bxf2+ 39. Rxf2 Kg7 40.
Rxg2 Rxg2+ 41. Kxg2 Kf6 42. Kf3 Kf5 43. b4 e4+ 44. Ke3 Ke5 45. a4 a6 46. h3 a5
47. c5 axb4 48. cxb6 Kd6 49. Kxe4 Kc6 50. a5 {cerny se vzdal} 1-0

[Event "ProMoPro Open 2003"]
[Site "?"]
[Date "2003.09.12"]
[Round "7.1"]
[White "Hausner, Ivan"]
[Black "Cernousek, Lukas"]
[Result "1/2-1/2"]
[WhiteElo "2441"]
[BlackElo "2293"]
[PlyCount "39"]
[EventDate "2003.09.06"]

1. Nf3 Nf6 2. g3 d5 3. Bg2 c6 4. O-O Nbd7 5. d4 e6 6. Nbd2 Bd6 7. c4 O-O 8. Qc2
Qe7 9. e4 Nxe4 10. Nxe4 dxe4 11. Qxe4 e5 12. Qc2 exd4 13. Re1 Qd8 14. Nxd4 Qf6
15. Nb3 Nc5 16. Nxc5 Bxc5 17. Bf4 Bd4 18. Be4 h6 19. Rad1 Bg4 20. Rd2 {remis}
1/2-1/2

[Event "ProMoPro Open 2003"]
[Site "?"]
[Date "2003.09.12"]
[Round "7.3"]
[White "Csala, Jan"]
[Black "Studnicka, Tomas"]
[Result "1/2-1/2"]
[WhiteElo "2204"]
[BlackElo "2282"]
[PlyCount "89"]
[EventDate "2003.09.06"]

1. d4 Nf6 2. c4 g6 3. Nc3 d5 4. Bf4 Bg7 5. Rc1 Nh5 6. Bd2 dxc4 7. e3 Be6 8. Nf3
O-O 9. Ng5 Bc8 10. Nge4 a6 11. Bxc4 b5 12. Be2 Nf6 13. Bf3 Ra7 14. Nxf6+ Bxf6
15. Nd5 Bg7 16. O-O Be6 17. Nc3 c5 18. d5 Bf5 19. e4 Bc8 20. Be3 Nd7 21. Qd2
Rc7 22. Bd1 Ne5 23. b3 e6 24. f4 Nd7 25. dxe6 fxe6 26. e5 Bb7 27. Bg4 Qe8 28.
Rcd1 Nb6 29. Bf3 Bxf3 30. Rxf3 Qc6 31. Qd6 Rfc8 32. Bf2 Bf8 33. Qxc6 Rxc6 34.
g4 c4 35. bxc4 Nxc4 36. Ne4 Be7 37. Rd7 Re8 38. Rfd3 a5 39. Rxe7 Rxe7 40. h4
Rf7 41. Rd8+ Rf8 42. Nf6+ Kg7 43. Rd7+ Rf7 44. Rd8 Rf8 45. Rd7+ {remis} 1/2-1/2

[Event "ProMoPro Open 2003"]
[Site "?"]
[Date "2003.09.12"]
[Round "7.4"]
[White "Matras, Ondrej"]
[Black "Sodoma, Jan"]
[Result "1-0"]
[WhiteElo "2242"]
[BlackElo "2183"]
[PlyCount "121"]
[EventDate "2003.09.06"]

1. d4 f5 2. g3 Nf6 3. Bg2 g6 4. c4 Bg7 5. Nf3 O-O 6. O-O d6 7. Nc3 Qe8 8. d5
Na6 9. Nd4 Ng4 10. b3 Ne5 11. Bb2 c5 12. dxc6 Nxc6 13. Nxc6 bxc6 14. Qd2 Rb8
15. e4 Nc5 16. Rfe1 f4 17. Nd1 Qf7 18. Bxg7 Qxg7 19. Nb2 f3 20. Bf1 Qe5 21. Nd3
Nxd3 22. Qxd3 g5 23. Rad1 Be6 24. Re3 g4 25. Qc3 c5 26. h4 Kg7 27. Qa5 Rb7 28.
Bd3 Rfb8 29. Bc2 h6 30. Kf1 Kf6 31. Ke1 Kg7 32. Kd2 Qd4+ 33. Ke1 Qb2 34. Qc3+
Qxc3+ 35. Rxc3 Kf6 36. Re3 Ke5 37. Kd2 Bd7 38. Kc3 Bc6 39. Rd5+ Bxd5 40. exd5+
Kf6 41. Re6+ Kf7 42. Rxh6 Rf8 43. Bf5 Kg7 44. Rg6+ Kh7 45. Rf6+ Kg7 46. Rxf8
Kxf8 47. Bxg4 a5 48. Bxf3 a4 49. bxa4 Rb4 50. Bd1 Rb1 51. Bb3 Rf1 52. a5 Rxf2
53. a6 Kg7 54. Ba4 Rf3+ 55. Kb2 Rf2+ 56. Ka3 Rf3+ 57. Bb3 e5 58. dxe6 Rf8 59.
e7 Re8 60. a7 Ra8 61. Ba4 {cerny se vzdal} 1-0

[Event "ProMoPro Open 2003"]
[Site "?"]
[Date "2003.09.12"]
[Round "7.5"]
[White "Soural, Jan"]
[Black "Jirka, Jiri"]
[Result "1/2-1/2"]
[WhiteElo "2143"]
[BlackElo "2400"]
[PlyCount "84"]
[EventDate "2003.09.06"]

1. d4 d5 2. Nf3 Nf6 3. c4 c6 4. Nc3 a6 5. cxd5 cxd5 6. Bf4 Nc6 7. Ne5 Qb6 8.
Nxc6 bxc6 9. a3 Qxb2 10. Na4 Qb5 11. Bd2 Qb7 12. Rb1 Qc7 13. Nb6 Rb8 14. Nxc8
Rxb1 15. Qxb1 Qxc8 16. e3 Nd7 17. Bd3 e6 18. O-O Bxa3 19. Bxh7 Bd6 20. h3 f5
21. Bxf5 exf5 22. Qxf5 Ke7 23. e4 dxe4 24. Qg6 Rg8 25. f3 e3 26. Re1 Nf6 27.
Bxe3 Kd8 28. Bg5 Kc7 29. d5 Nxd5 30. Qf7+ Kb8 31. Rb1+ Ka8 32. h4 g6 33. Rd1
Bc5+ 34. Kh1 Bb6 35. Rxd5 cxd5 36. Qxd5+ Ka7 37. Qf7+ Kb8 38. Bf4+ Ka8 39. Qd5+
Ka7 40. Qf7+ Ka8 41. Qd5+ Ka7 42. Qf7+ Ka8 {remis} 1/2-1/2

[Event "ProMoPro Open 2003"]
[Site "?"]
[Date "2003.09.12"]
[Round "7.6"]
[White "Stehno, Pavel"]
[Black "Kubikova, Hana"]
[Result "1-0"]
[WhiteElo "2303"]
[BlackElo "2130"]
[PlyCount "119"]
[EventDate "2003.09.06"]

1. e4 c5 2. Nf3 Nc6 3. d4 cxd4 4. Nxd4 Nf6 5. Nc3 e5 6. Ndb5 d6 7. Bg5 a6 8.
Na3 b5 9. Nd5 Be7 10. Bxf6 Bxf6 11. c3 O-O 12. Nc2 Bg5 13. g3 Ne7 14. Ncb4 Bb7
15. Bg2 a5 16. Nxe7+ Bxe7 17. Nd5 Bxd5 18. Qxd5 Qb6 19. O-O Rac8 20. a3 Qc5 21.
Rfd1 Qxd5 22. Rxd5 Rc5 23. Rad1 Rb8 24. Bf1 Kf8 25. R1d3 a4 26. Rd1 Ke8 27. Be2
g6 28. f4 f6 29. Kf2 Kf8 30. Kf3 Rb6 31. R1d2 Rb8 32. Bd1 Rb6 33. Bc2 Rb8 34.
Bb1 Ke8 35. Ba2 Rxd5 36. Bxd5 Kd7 37. h4 Bf8 38. h5 exf4 39. gxf4 g5 40. h6
Bxh6 41. Rh2 Bf8 42. Rxh7+ Be7 43. f5 Rf8 44. Kg4 Rb8 45. Kh5 Rf8 46. Kg6 Re8
47. Be6+ Kd8 48. Rh2 Kc7 49. Kf7 Kd8 50. Bd5 g4 51. Rg2 Rf8+ 52. Kg7 Kc7 53.
Rxg4 Kb6 54. Rg6 Kc5 55. Rh6 Kb6 56. Rh7 Rc8 57. Kf7 Bd8 58. Ke6 Rc7 59. Rxc7
Kxc7 60. Kf7 {cerny se vzdal} 1-0

[Event "ProMoPro Open 2003"]
[Site "?"]
[Date "2003.09.12"]
[Round "7.7"]
[White "Pirklova, Hana"]
[Black "Forman, Stepan"]
[Result "1-0"]
[WhiteElo "2139"]
[BlackElo "2252"]
[PlyCount "97"]
[EventDate "2003.09.06"]

1. e4 e5 2. Nf3 Nc6 3. Bb5 a6 4. Ba4 Nf6 5. O-O Be7 6. Re1 b5 7. Bb3 O-O 8. h3
d5 9. exd5 Nxd5 10. Nxe5 Nxe5 11. Rxe5 c6 12. Bxd5 cxd5 13. d4 Bd6 14. Re1 Qh4
15. Qd3 g6 16. Nc3 Bf5 17. Qf3 Rfe8 18. Be3 Re6 19. Qxd5 Rae8 20. a3 Bxc2 21.
Bd2 Bd3 22. Rxe6 Rxe6 23. Bg5 Qh5 24. Be3 Bf5 25. Re1 Qh4 26. Qa8+ Kg7 27. Qf3
h5 28. Rd1 Bc2 29. Rc1 Bf5 30. Rd1 Bc2 31. Rc1 Bd3 32. Qa8 Rxe3 33. fxe3 Qg3
34. Qf3 Qh2+ 35. Kf2 h4 36. e4 Bg3+ 37. Ke3 {Diagram #} 37... Bc4 38. e5 g5 39.
Qf6+ Kh7 40. Qf5+ Kh6 41. Qf6+ Kh7 42. Qxg5 Qxg2 43. Qh5+ Kg7 44. Ne4 Qxb2 45.
Qg5+ Kf8 46. Qh6+ Ke8 47. Nf6+ Kd8 48. Qf8+ Kc7 49. Nd5+ {cerny se vzdal} 1-0

[Event "ProMoPro Open 2003"]
[Site "?"]
[Date "2003.09.13"]
[Round "7.8"]
[White "Jinova, Lucie"]
[Black "Dusek, Martin"]
[Result "1/2-1/2"]
[WhiteElo "2116"]
[BlackElo "2146"]
[PlyCount "95"]
[EventDate "2003.09.06"]

1. e4 d5 2. exd5 Qxd5 3. Nc3 Qa5 4. d4 Nf6 5. Bd3 Nc6 6. Nge2 Bg4 7. O-O Nxd4
8. f3 Nxe2+ 9. Qxe2 Bd7 10. a3 e6 11. Kh1 Bd6 12. Be3 O-O 13. Nb5 Bxb5 14. Bxb5
c6 15. Bd3 Qh5 16. g4 Qh4 17. Qd2 h6 18. c4 Rfd8 19. Rad1 Bc7 20. Qg2 Ne8 21.
f4 Qe7 22. g5 hxg5 23. fxg5 g6 24. Qf2 a5 25. Bc5 Bd6 26. Bd4 e5 27. Rde1 Rd7
28. c5 Bc7 29. Bc4 Ng7 30. Bc3 Nf5 31. Re4 Rad8 32. h4 Kg7 33. Kg1 Rd1 34. b4
Rxf1+ 35. Kxf1 axb4 36. axb4 Kf8 37. Kg2 Re8 38. Qe2 Ng7 39. Qf2 Nh5 40. Bxe5
Qd7 41. Rd4 Qe7 42. Bxc7 Qxc7 43. Rd6 Re7 44. Qd4 Re8 45. Kf3 Qb8 {#} 46. Be6
Qa8 47. Bb3 Qa6 48. Qh8+ {remis} 1/2-1/2

[Event "ProMoPro Open 2003"]
[Site "?"]
[Date "2003.09.12"]
[Round "7.9"]
[White "Kucera, Tomas"]
[Black "Vedral, Oldrich"]
[Result "0-1"]
[WhiteElo "2111"]
[BlackElo "2212"]
[PlyCount "80"]
[EventDate "2003.09.06"]

1. e4 c5 2. Nf3 Nc6 3. d4 cxd4 4. Nxd4 Nf6 5. Nc3 e5 6. Ndb5 d6 7. Nd5 Nxd5 8.
exd5 Nb8 9. c4 a6 10. Nc3 Be7 11. Be3 O-O 12. Be2 f5 13. f3 Nd7 14. O-O f4 15.
Bf2 Rf6 16. Ne4 Rh6 17. b4 Qe8 18. Re1 Qh5 19. h3 Nf6 20. Bf1 g5 21. c5 Nxe4
22. Rxe4 Bf5 23. Rc4 Kh8 24. c6 b5 25. Rc3 Rg8 26. c7 g4 27. fxg4 Bxg4 28. Qxg4
Rxg4 29. c8=Q+ Rg8 30. Qd7 Bf8 31. Kh2 Rhg6 32. Re1 R6g7 33. Qc6 Rg5 34. Rc2
Qg6 35. Bb6 f3 36. g4 Rxg4 37. hxg4 Qxg4 38. Qc8 Qg3+ 39. Kh1 Qxe1 40. Qh3 Rg3
{bily se vzdal} 0-1

[Event "ProMoPro Open 2003"]
[Site "?"]
[Date "2003.09.12"]
[Round "7.10"]
[White "Kudela, Stanislav"]
[Black "Urbanek, Stepan"]
[Result "0-1"]
[WhiteElo "2178"]
[BlackElo "2120"]
[PlyCount "82"]
[EventDate "2003.09.06"]

1. e4 e6 2. d4 d5 3. Nd2 Nf6 4. e5 Nfd7 5. Bd3 c5 6. c3 Nc6 7. Ndf3 Qb6 8. Ne2
cxd4 9. cxd4 f6 10. exf6 Nxf6 11. O-O Bd6 12. Bb1 O-O 13. Nc3 Bd7 14. a3 Be8
15. Qe2 Bf7 16. Be3 Rae8 17. Qd2 Na5 18. Qd1 Bh5 19. b4 Nc4 20. Bg5 Ng4 21. Qd3
Bg6 22. Qe2 Bxb1 23. Nxb1 Bb8 24. h3 Nf6 25. Nbd2 Nxd2 26. Bxd2 Ne4 27. Rac1
Rf6 28. Be3 Ref8 29. Ne5 Qd8 30. Qg4 Qe8 31. f3 Bxe5 32. fxe4 Bh2+ 33. Kxh2
Rxf1 34. Rc7 R1f7 35. Rxf7 Qxf7 36. e5 Qf5 37. Qg3 Rc8 38. Bh6 Qg6 39. Qxg6
hxg6 40. Bd2 Rc2 41. Be1 Ra2 {bily se vzdal} 0-1

[Event "ProMoPro Open 2003"]
[Site "?"]
[Date "2003.09.12"]
[Round "7.11"]
[White "Urbankova, Eva"]
[Black "Chalupa, Ivan"]
[Result "0-1"]
[WhiteElo "2172"]
[BlackElo "2086"]
[PlyCount "94"]
[EventDate "2003.09.06"]

1. d4 d5 2. c4 e6 3. Nc3 c6 4. cxd5 exd5 5. Qc2 f5 6. Nf3 Nf6 7. Bg5 Be6 8. e3
Nbd7 9. Bd3 g6 10. h3 Qb6 11. Bf4 Ne4 12. O-O Ndf6 13. Rab1 Bd6 14. Be5 O-O 15.
Na4 Qc7 16. b4 Nd7 17. Bxd6 Qxd6 18. Nc5 b6 19. Nxd7 Bxd7 20. Ne5 Rac8 21. Rfc1
Be8 22. Qb2 Ng5 23. Qb3 f4 24. h4 Ne6 25. Qd1 Rc7 26. Nf3 Bd7 27. e4 dxe4 28.
Bxe4 Ng7 29. d5 Rfc8 30. Ng5 h6 31. Nf3 cxd5 32. Bxd5+ Kh7 33. Rxc7 Qxc7 34.
Qb3 Qc2 35. Bg8+ Kh8 36. Ne5 Bf5 37. Rb2 Qc1+ 38. Kh2 Rxg8 39. Nf7+ Kh7 40. Re2
Qc7 41. g3 Nh5 42. Nxh6 fxg3+ 43. fxg3 Qxg3+ 44. Qxg3 Nxg3 45. Kxg3 Kxh6 46.
Re7 Rg7 47. Re8 Rd7 {bily se vzdal} 0-1

[Event "ProMoPro Open 2003"]
[Site "?"]
[Date "2003.09.12"]
[Round "7.12"]
[White "Kalousek, Zdenek"]
[Black "Londyn, Radek"]
[Result "0-1"]
[WhiteElo "1250"]
[BlackElo "2152"]
[PlyCount "76"]
[EventDate "2003.09.06"]

1. e4 d5 2. exd5 Qxd5 3. Nc3 Qd6 4. d4 Nf6 5. Nf3 a6 6. Be2 Nbd7 7. a3 e6 8.
O-O Be7 9. Re1 O-O 10. b3 b5 11. Ne5 Nxe5 12. dxe5 Qxe5 13. Bf3 Qxc3 14. Bd2
Qb2 15. Bxa8 Bxa3 16. Bf4 Bb4 17. Be5 Bc3 18. Rb1 Bxe5 19. Rxb2 Bxb2 20. Qd3
Ba3 21. Bc6 Bd6 22. h3 Nd7 23. g3 Ne5 24. Qc3 b4 25. Qe3 Nxc6 26. h4 e5 27. h5
h6 28. Rc1 Nd4 29. Kh2 Bb7 30. c3 Nf3+ 31. Kh3 Ng5+ 32. Kh2 Bf3 33. c4 f5 34.
c5 f4 35. Qe1 Be4 36. Qxb4 fxg3+ 37. fxg3 Rf2+ 38. Kg1 Nh3# {mat} 0-1

[Event "ProMoPro Open 2003"]
[Site "?"]
[Date "2003.09.12"]
[Round "7.13"]
[White "Horinek, Karel"]
[Black "Podbrdsky, Pavel"]
[Result "0-1"]
[WhiteElo "1946"]
[BlackElo "2142"]
[PlyCount "70"]
[EventDate "2003.09.06"]

1. e4 e5 2. Nf3 Nc6 3. Bb5 a6 4. Ba4 Nf6 5. O-O Nxe4 6. d4 b5 7. Bb3 d5 8. dxe5
Be6 9. c3 Bc5 10. a4 b4 11. Nd4 Nxe5 12. Nxe6 fxe6 13. Qh5+ Ng6 14. Nd2 Nf6 15.
Qe2 Qd6 16. Nf3 O-O 17. Ng5 e5 18. Be3 Bxe3 19. fxe3 bxc3 20. bxc3 Rab8 21. Ba2
h6 22. Qd3 hxg5 23. Qxg6 Qc5 24. Qxg5 Ne4 25. Qh5 Qxe3+ 26. Kh1 c6 27. Rf3 Rxf3
28. Qxf3 Qxf3 29. gxf3 Nxc3 30. Rc1 Nxa2 31. Rxc6 Rd8 32. Kg2 d4 33. Kf2 d3 34.
Ke1 d2+ 35. Kd1 Rd3 {bily se vzdal} 0-1

[Event "ProMoPro Open 2003"]
[Site "?"]
[Date "2003.09.12"]
[Round "7.14"]
[White "Forman, Miroslav"]
[Black "Horyna, Josef"]
[Result "1/2-1/2"]
[WhiteElo "1828"]
[BlackElo "2029"]
[PlyCount "29"]
[EventDate "2003.09.06"]

1. d4 e6 2. Nf3 Nf6 3. Bg5 Be7 4. Nbd2 d5 5. e3 Nbd7 6. Be2 h6 7. Bh4 O-O 8.
O-O b6 9. Ne1 c5 10. c3 Bb7 11. f4 Ne4 12. Bxe7 Qxe7 13. g3 Rac8 14. Ng2 Rc7
15. Rc1 {remis} 1/2-1/2

[Event "ProMoPro Open 2003"]
[Site "?"]
[Date "2003.09.12"]
[Round "7.15"]
[White "Hackel, Ludek"]
[Black "Masek, Miroslav"]
[Result "1-0"]
[WhiteElo "2107"]
[BlackElo "2178"]
[PlyCount "58"]
[EventDate "2003.09.06"]

1. d4 d5 2. Nf3 Nf6 3. g3 c6 4. Bg2 Bf5 5. O-O h6 6. c4 e6 7. Nc3 Be7 8. Re1
Nbd7 9. Bf4 O-O 10. h3 Ne4 11. Nxe4 Bxe4 12. Nh2 Bxg2 13. Kxg2 dxc4 14. Nf3 b5
15. a4 a6 16. Qc2 Nb6 17. axb5 cxb5 18. e4 a5 19. Qd2 Bb4 20. Qe3 Bxe1 21. Rxe1
f6 22. h4 h5 23. Nh2 b4 24. g4 a4 25. gxh5 a3 26. h6 axb2 27. Qg3 Ra7 28. Rg1
Qd7 29. Bd6 Rf7 {cerny se vzdal} 1-0

[Event "ProMoPro Open 2003"]
[Site "?"]
[Date "2003.09.12"]
[Round "7.16"]
[White "Havrlik, Pavel"]
[Black "Novak, Jindrich"]
[Result "0-1"]
[WhiteElo "2003"]
[BlackElo "2020"]
[PlyCount "86"]
[EventDate "2003.09.06"]

1. c4 Nf6 2. Nf3 d6 3. d4 Bg4 4. e3 Nbd7 5. Be2 e5 6. Nc3 Be7 7. h3 Bh5 8. b3
c6 9. O-O O-O 10. Ba3 e4 11. Nd2 Bxe2 12. Qxe2 Qa5 13. Bb2 d5 14. a3 a6 15. b4
Qd8 16. cxd5 cxd5 17. Na4 b5 18. Nc5 Nb6 19. Bc3 Qc7 20. Rfc1 Bd6 21. a4 Nc4
22. a5 Nd7 23. f3 exf3 24. Qxf3 Nf6 25. e4 Bxc5 26. Nxc4 dxe4 27. Qe2 Ba7 28.
Nd2 Rae8 29. Bb2 Qd6 30. Nb3 Bb8 31. Nc5 Qh2+ 32. Kf1 Bg3 33. Qe3 Nd5 34. Qg1
Qxg1+ 35. Kxg1 Nf4 36. Nd7 Ne2+ 37. Kf1 Nxc1 38. Rxc1 Rc8 39. Nxf8 Rxc1+ 40.
Bxc1 Kxf8 41. Ke2 f5 42. Bb2 Bd6 43. Bc3 f4 {bily se vzdal} 0-1

[Event "ProMoPro Open 2003"]
[Site "?"]
[Date "2003.09.12"]
[Round "7.17"]
[White "Steinhauser, Antonin"]
[Black "Pribyl, Josef"]
[Result "0-1"]
[WhiteElo "1913"]
[BlackElo "2393"]
[PlyCount "76"]
[EventDate "2003.09.06"]

1. e4 Nf6 2. e5 Nd5 3. d4 d6 4. c4 Nb6 5. exd6 cxd6 6. Nc3 g6 7. Nf3 Bg7 8. Be3
O-O 9. Qd2 Bg4 10. Be2 Bxf3 11. gxf3 d5 12. c5 Nc4 13. Bxc4 dxc4 14. O-O-O Nc6
15. h4 h5 16. Bh6 Qxd4 17. Qxd4 Bxh6+ 18. Qe3 Bxe3+ 19. fxe3 Rad8 20. f4 Nb4
21. Kb1 Nd3 22. Ne4 f5 23. Ng5 Nxc5 24. Rc1 b5 25. b3 Nd3 26. Rc3 Rc8 27. Rd1
Rfd8 28. Ne6 Rd5 29. Nd4 Nf2 30. Rg1 Kf7 31. Nf3 Rd1+ 32. Rc1 Rxg1 33. Rxg1 Ng4
34. Ng5+ Kf6 35. Rc1 c3 36. e4 e5 37. Re1 exf4 38. e5+ Nxe5 {bily se vzdal} 0-1

[Event "ProMoPro Open 2003"]
[Site "?"]
[Date "2003.09.12"]
[Round "7.18"]
[White "Cebis, Petr"]
[Black "Novak, Vaclav"]
[Result "0-1"]
[WhiteElo "1852"]
[BlackElo "2113"]
[PlyCount "50"]
[EventDate "2003.09.06"]

1. e4 g6 2. d4 Bg7 3. c3 d5 4. e5 c5 5. Bd3 Nc6 6. Ne2 e6 7. O-O Nge7 8. Bg5 h6
9. Bxe7 Qxe7 10. Nd2 Bd7 11. Nf3 O-O 12. Nf4 Rac8 13. Bxg6 fxg6 14. Nxg6 Qf7
15. Nxf8 Rxf8 16. Nh4 Ne7 17. Qg4 Bb5 18. Rfe1 Qxf2+ 19. Kh1 Kh7 20. g3 Bd3 21.
Qxe6 Be4+ 22. Rxe4 dxe4 23. Qxe7 e3 24. g4 e2 25. Nf5 Qf1+ {bily se vzdal} 0-1

[Event "ProMoPro Open 2003"]
[Site "?"]
[Date "2003.09.13"]
[Round "7.20"]
[White "Matocha, Pavel"]
[Black "Hoskovec, Josef"]
[Result "1/2-1/2"]
[WhiteElo "1998"]
[BlackElo "1891"]
[PlyCount "115"]
[EventDate "2003.09.06"]

1. d4 e6 2. c4 f5 3. g3 Nf6 4. Nc3 Bb4 5. a3 Bxc3+ 6. bxc3 O-O 7. Bg2 d5 8.
cxd5 exd5 9. Bg5 c6 10. Qb3 Nbd7 11. Nf3 Qe8 12. Bf4 Ne4 13. O-O h6 14. c4 dxc4
15. Qxc4+ Kh8 16. Ne5 Nxe5 17. Bxe5 Be6 18. Qc1 Nf6 19. e4 fxe4 20. Bxe4 Ng4
21. Bd6 Qh5 22. h4 Rfd8 23. Qc5 Qf7 24. Bf4 Nf6 25. Bg2 Bd5 26. Rfe1 Bxg2 27.
Kxg2 Nd5 28. Be5 Rf8 29. f4 Qg6 30. Qd6 Qxd6 31. Bxd6 Rfe8 32. Be5 Kg8 33. Rab1
b6 34. Rec1 Rac8 35. Kf3 g6 36. a4 a6 37. g4 Kf7 38. Rb3 c5 39. dxc5 Rxc5 40.
Rxc5 bxc5 41. Rb7+ Re7 42. Rxe7+ Nxe7 43. Bd6 Nd5 44. Bxc5 Ke6 45. Bd4 h5 46.
gxh5 gxh5 47. Ke4 Ne7 48. Bb6 Nf5 49. Bd8 Ng3+ 50. Kd4 Kd6 51. Kc4 Kc6 52. Kb4
Nf5 53. Bg5 Ng3 54. Bf6 Nf5 55. Kc4 Kd6 56. Kb4 Kc6 57. a5 Kd5 58. Kc3 {remis}
1/2-1/2

[Event "ProMoPro Open 2003"]
[Site "?"]
[Date "2003.09.12"]
[Round "7.21"]
[White "Krivanek, Vladimir"]
[Black "Nemcova, Katerina"]
[Result "0-1"]
[WhiteElo "1744"]
[BlackElo "2031"]
[PlyCount "63"]
[EventDate "2003.09.06"]

1. e4 c5 2. Nf3 d6 3. Nc3 Nf6 4. Be2 g6 5. d4 cxd4 6. Nxd4 Bg7 7. Be3 O-O 8.
O-O Bd7 9. Qd2 Nc6 10. f3 Ne5 11. h3 Rc8 12. g4 Nc4 13. Bxc4 Rxc4 14. Kh1 Qb8
15. b3 Rc5 16. Nde2 Rc7 17. Bh6 Bxh6 18. Qxh6 Rfc8 19. Rac1 Rxc3 20. Nxc3 Rxc3
21. h4 d5 22. Qd2 d4 23. Qg2 Bb5 24. Rf2 Qf4 25. Rd1 Qe3 26. h5 e5 27. Qh2 Rxc2
28. Rxc2 Qxf3+ 29. Qg2 Qxd1+ 30. Kh2 Bc6 31. h6 Nxg4+ 32. Kh3 {bily se vzdal}
0-1

[Event "ProMoPro Open 2003"]
[Site "?"]
[Date "2003.09.12"]
[Round "7.22"]
[White "Vohnout, Pavel"]
[Black "Kriz, Pavel"]
[Result "1-0"]
[WhiteElo "2008"]
[BlackElo "1792"]
[PlyCount "73"]
[EventDate "2003.09.06"]

1. e4 c5 2. Nc3 Nc6 3. g3 g6 4. Bg2 Bg7 5. d3 d6 6. Be3 Nf6 7. h3 Bd7 8. f4 Rb8
9. Nf3 O-O 10. O-O Qa5 11. Ne2 b5 12. g4 Rfc8 13. Ng3 Be8 14. Rf2 b4 15. Nd2
Nd7 16. Nc4 Qb5 17. g5 Na5 18. f5 Nxc4 19. dxc4 Qa6 20. b3 Bxa1 21. Qxa1 Ne5
22. f6 e6 23. Rd2 Qb6 24. Ne2 Rd8 25. Qe1 Bd7 26. Nf4 Qc7 27. Qh4 Kh8 28. Qg3
Rg8 29. h4 Rb6 30. h5 Qd8 31. Qh4 a5 32. Bh1 gxh5 33. Nxh5 Ng6 34. Qh2 e5 35.
Kf1 Nf8 36. Ng3 Ne6 {#} 37. Qxh7+ {cerny se vzdal} 1-0

[Event "ProMoPro Open 2003"]
[Site "?"]
[Date "2003.09.12"]
[Round "7.23"]
[White "Bernasek, Vaclav"]
[Black "Steinhauser, Frantisek"]
[Result "0-1"]
[WhiteElo "1990"]
[BlackElo "1763"]
[PlyCount "49"]
[EventDate "2003.09.06"]

1. d4 Nf6 2. Bg5 g6 3. Nc3 Bg7 4. e4 d6 5. f3 h6 6. Be3 O-O 7. g4 e5 8. d5 h5
9. Bg5 Qe8 10. h3 Nh7 11. Be3 Qe7 12. Nge2 Qh4+ 13. Bf2 Qf6 14. Qd3 Bh6 15.
gxh5 gxh5 16. Ng3 h4 17. Nf5 Bxf5 18. exf5 Na6 19. Ne4 Qxf5 20. Bxh4 Nb4 21.
Qb3 Qf4 22. Bf2 f5 23. Qxb4 fxe4 24. Be2 e3 25. Qxf4 {bily se vzdal} 0-1

[Event "ProMoPro Open 2003"]
[Site "?"]
[Date "2003.09.12"]
[Round "7.24"]
[White "Erneker, Josef"]
[Black "Horak, Karel"]
[Result "1-0"]
[WhiteElo "1990"]
[BlackElo "1638"]
[PlyCount "73"]
[EventDate "2003.09.06"]

1. c4 e6 2. g3 Nf6 3. Bg2 d5 4. e3 Be7 5. Ne2 O-O 6. b3 dxc4 7. bxc4 Qd3 8. Qb3
Qxb3 9. axb3 Nbd7 10. d4 c6 11. Ba3 c5 12. Nbc3 Rb8 13. e4 e5 14. d5 a6 15. Nd1
Ne8 16. f4 f5 17. exf5 exf4 18. Nxf4 Rxf5 19. Ne3 Rf7 20. Ke2 Ne5 21. d6 Bxd6
22. Bd5 Nf6 23. Bxf7+ Kxf7 24. Rad1 Be7 25. Bb2 Nc6 26. Rhf1 Kg8 27. Nfd5 Bh3
28. Nxe7+ Nxe7 29. Rf2 b5 30. Bxf6 gxf6 31. Rxf6 bxc4 32. bxc4 Re8 33. Kf2 a5
34. g4 Kg7 35. Rf3 Rf8 36. Rxf8 Kxf8 37. Kg3 {cerny se vzdal} 1-0

[Event "ProMoPro Open 2003"]
[Site "?"]
[Date "2003.09.12"]
[Round "7.25"]
[White "Nemcova, Kristyna"]
[Black "Dlouhy, David"]
[Result "0-1"]
[WhiteElo "1808"]
[BlackElo "1974"]
[PlyCount "106"]
[EventDate "2003.09.06"]

1. e4 d6 2. d4 Nf6 3. Nc3 c6 4. Nf3 b5 5. a3 e6 6. Be2 Qc7 7. O-O a6 8. e5 dxe5
9. dxe5 Nd5 10. Ne4 Nd7 11. Nd6+ Bxd6 12. exd6 Qxd6 13. Qd4 e5 14. Qg4 Qg6 15.
Qxg6 hxg6 16. c4 Ne7 17. Re1 O-O 18. Bd3 f6 19. cxb5 axb5 20. Nh4 Kf7 21. Bc2
g5 22. Bb3+ Nd5 23. Nf5 Nc5 24. Bc2 Rd8 25. Ne3 Be6 26. Bd2 Nb6 27. Bb4 Nd3 28.
Bxd3 Rxd3 29. Rac1 Rc8 30. Red1 Rb3 31. Rd2 Na4 32. Nd1 c5 33. Ba5 Ra8 34. Bc7
b4 35. axb4 Rxb4 36. Bd6 Rb5 37. Nc3 Rxb2 38. Rxb2 Nxb2 39. h3 c4 40. Nb5 Nd3
41. Rc2 Ra1+ 42. Kh2 Rb1 43. Nc7 Rb2 44. Rxb2 Nxb2 45. Nb5 Nd1 46. Bc5 c3 47.
Ba3 Bb3 48. Kg1 Ke6 49. Bc1 c2 50. g3 Ba4 51. Na3 Nc3 52. Kf1 Na2 53. Nxc2 Nxc1
{bily se vzdal} 0-1